00716nam a2200181 a 450000100100000000500170001000800410002704000250006824500930009326000790018630000360026549000150030150000420031650400310035883000220038995201060041199900170051700003788420201002031130.0130307s1981 dr ac 000 0 spa d aDO-SdBNPbspacBNPHU10aPoblación, migraciones internas y desarrollo en la República Dominicana 1950-1981 /. aSanto Domingo :bInstituto de Estudios de Población y Desarrollo,c1981. a148 p. :bil., retrs. ;c28 cm.1 aEstudioe8 aIncluye notas al pie de las páginas aBibliografía : p.105-107 0aEstudioe8911006 00107-18PDaPDbPDcOId2013-03-07iLF1l0o p37884-10r2020-06-25w2020-06-25yLFPDZNo se presta c37374d37374